| 000 | 01303nabaa22002177a 4500 | ||
|---|---|---|---|
| 999 |
_c6115 _d6115 |
||
| 003 | OSt | ||
| 005 | 20260122103634.0 | ||
| 008 | 190701b xxu||||| |||| 00| 0 spa d | ||
| 040 | _cPJ | ||
| 100 |
_910 _aCicero, Nidia Karina |
||
| 245 | 1 | 0 |
_aEstándares de la jurisprudencia de la Corte IDH sobre responsabilidad del Estado y sus potenciales proyecciones en el ámbito interno / _cNidia K. Cicero. |
| 300 | _ap. 131-160 | ||
| 505 | _aSumario: I. Las funciones y los ámbitos de desenvolvimiento de la responsabilidad estatal.— II. Responsabilidad estatal a nivel internacional e interamericano en particular.— III. Algunos paradigmas provenientes de la jurisprudencia de la Corte IDH en el trienio 2019-2021.— IV. Epílogo.— V. Listado de sentencias Corte IDH.— VI. Bibliografía complementaria, jurisprudencia nacional y normativa citada. | ||
| 505 | _t¿Te interesa el texto completo? Comunicate al correo: koha@justierradelfuego.gov.ar | ||
| 650 | 0 |
_9211 _aDERECHO ADMINISTRATIVO |
|
| 650 | 0 |
_91215 _aRESPONSABILIDAD DEL ESTADO |
|
| 650 | 0 |
_93377 _aCORTE INTERAMERICANA DE DERECHOS HUMANOS |
|
| 650 | 0 |
_91057 _aJURISPRUDENCIA APLICABLE |
|
| 773 | 0 |
_02842 _93251 _dBuenos Aires : AbeledoPerrot, 2012- _oDA121 _tDerecho administrativo. Nº 146 marzo/abril 2023 _z18510590 |
|
| 942 |
_2udc _cANA |
||